[Event "Leipzig VfB op 14th"]
[Site "Leipzig"]
[Date "2007.03.24"]
[Round "8"]
[White "Thies, Arne"]
[Black "Bessert, Maximilian"]
[Result "1-0"]
[WhiteElo "1291"]
[BlackElo "1177"]
[PlyCount "45"]
[EventDate "2007.03.20"]
[EventType "swiss"]
[EventRounds "9"]
[EventCountry "GER"]
[SourceTitle "EXT 2008"]
[Source "ChessBase"]
[SourceDate "2007.11.25"]
[SourceVersion "1"]
[SourceVersionDate "2007.11.25"]
[SourceQuality "1"]

1. d4 d5 2. c4 c6 3. cxd5 cxd5 4. Nf3 Nf6 5. Bf4 Bf5 6. Nc3 e6 7. e3 Bd6 8. Bxd6 Qxd6 9. Bd3 Bxd3 10. Qxd3 Nc6 11. a3 0-0 12. 0-0 e5 13. dxe5 Nxe5 14. Nxe5 Qxe5 15. h3 Rac8 16. Rfd1 Ne4 17. Nxd5 Rfd8 18. Qb3 h6 19. Nf4 Rxd1+ 20. Rxd1 Qg5 21. Qxb7 Rc2 22. Qxe4 Qc5 23. Rd8+ 1-0

[Event "Leipzig VfB op 14th"]
[Site "Leipzig"]
[Date "2007.03.21"]
[Round "3"]
[White "Nowak, Thomas"]
[Black "Thies, Arne"]
[Result "1-0"]
[WhiteElo "1809"]
[BlackElo "1291"]
[PlyCount "29"]
[EventDate "2007.03.20"]
[EventType "swiss"]
[EventRounds "9"]
[EventCountry "GER"]
[SourceTitle "EXT 2008"]
[Source "ChessBase"]
[SourceDate "2007.11.25"]
[SourceVersion "1"]
[SourceVersionDate "2007.11.25"]
[SourceQuality "1"]

1. d4 Nf6 2. Nc3 d5 3. e4 dxe4 4. f3 exf3 5. Nxf3 Bg4 6. h3 Bxf3 7. Qxf3 c6 8. g4 e6 9. g5 Nd5 10. Bd3 Qa5 11. 0-0 Qc7 12. Nxd5 exd5 13. Bf4 Qb6 14. Rae1+ Be7 15. Bd6 1-0